The opium clerk / (Record no. 26230)

MARC details
000 -LEADER
fixed length control field 00716nam a22002057a 4500
005 - DATE AND TIME OF LATEST TRANSACTION
control field 20190228141154.0
010 ## - LCCN (DPL NO)
LC control number B-285032, B-218009, B-218005
020 ## - INTERNATIONAL STANDARD BOOK NUMBER
International Standard Book Number 0143027646
Terms of availability 350.00
020 ## - INTERNATIONAL STANDARD BOOK NUMBER
International Standard Book Number 9780143027645
Terms of availability 350.00
035 ## - SYSTEM CONTROL NUMBER
System control number B-285032, B-218009, B_218005,B-218006
037 ## - SOURCE OF ACQUISITION
Source of stock number/acquisition UBH (Vender)
082 ## - DEWEY DECIMAL CLASSIFICATION NUMBER
Classification number N
100 ## - MAIN ENTRY--PERSONAL NAME
Personal name Basu, Kunal
245 ## - TITLE STATEMENT
Title The opium clerk /
Statement of responsibility, etc by Kunal Basu
260 ## - PUBLICATION, DISTRIBUTION, ETC. (IMPRINT)
Place of publication, distribution, etc New Delhi
Name of publisher, distributor, etc Penguin Books
Date of publication, distribution, etc 2001
270 ## - ADDRESS
Address 11 Community Centre, Panchsheel Park
City New Delhi
Postal code 110017
300 ## - PHYSICAL DESCRIPTION
Extent 313p.
Dimensions 22cm. (pbk)
942 ## - ADDED ENTRY ELEMENTS (KOHA)
Source of classification or shelving scheme Dewey Decimal Classification
Item type English Books
Classification part N
Call number suffix BAS
Holdings
Withdrawn status Lost status Not for loan Collection code Home library Current library Date acquired Source of acquisition Cost, normal purchase price Full call number Barcode Copy number Cost, replacement price Koha item type
      Fiction R.C.Libraries (zls) R.C.Libraries (zls) 08/11/2018   350.00 N BAS B-218009 1 350.00 English Books
      Non-fiction Sarojini Nagar Sarojini Nagar 19/11/2018     N BAS B-217995     English Books
      Fiction Sarojini Nagar Sarojini Nagar 12/12/2018     N BAS B-218010     English Books
      Non-fiction Vigyan Vihar Vigyan Vihar 28/02/2019 BPPD/PUB 350.00 N BAS B-218006   350.00 English Books
      Fiction Vinoba Puri Vinoba Puri 11/05/2009 UBH/143/25.8.08/187/21.7.08/29.8.08 350.00 N BAS B-285032 1 350.00 English Books
      Fiction Yojana Vihar Yojana Vihar 30/10/2018 BPPD/PUB 350.00 N BAS B-218005   350.00 English Books

© Delhi Public Library
Hit Counter
free hit counter